000 00613nmm a22001817a 4500
003 OSt
005 20240521122015.0
006 eBook
008 240521b |||||||| |||| 00| 0 eng d
040 _cMRSPTU
100 _aLisa Crispin
245 _aAgile Testing: A Practical Guide for Testers and Agile Teams
250 _a1st
260 _aNew Delhi
_bPearson
_c2008
600 _2Computer Science
856 _3Click here to access the e-book
_uhttps://ebookcentral.proquest.com/lib/gzsptuc/detail.action?docID=5126528&query=Agile+Testing%3A+A+Practical+Guide+for+Testers+and+Agile+Teams
942 _2ddc
_cEB
_n1
999 _c10349
_d10349